Frofenia : drawings 1983-1990 /

Bibliographic Details
Other Authors: Knaflewski, Leszek, 1960- (Editor), Zamojski, Honza (Editor)
Format: Book
Language:English
Published: Poznań : Mundin, 2013.
Edition:First edition.
Subjects:

MARC

Tag First Indicator Second Indicator Subfields
LEADER 00000cam a2200000 i 4500
001 in00003478021
005 20140916150717.0
008 140703s2013 pl a 000 0 eng c
035 |a (OCoLC)ocn882601987 
040 |a YDXCP  |b eng  |e rda  |c YDXCP  |d OCLCO  |d TXA 
020 |a 9788364353017 (paperback) 
020 |a 8364353012 (paperback) 
035 |a (OCoLC)882601987 
041 1 |a eng  |h pol 
042 |a pcc 
050 4 |a NC312.P63  |b K592 2013 
082 0 4 |a 741.9438  |2 23 
049 |a TXAM 
100 1 |a Knaflewski, Leszek,  |d 1960-  |e artist,  |e editor. 
245 1 0 |a Frofenia :  |b drawings 1983-1990 /  |c Leszek Knaflewski ; editors, Leszek Knaflewski, Honza Zamojski ; translated from the Polish for the English edition by Caryl Swift. 
250 |a First edition. 
250 |a English edition. 
264 1 |a Poznań :  |b Mundin,  |c 2013. 
300 |a 191 pages :  |b illustrations ;  |c 30 cm 
336 |a still image  |b sti  |2 rdacontent 
337 |a unmediated  |b n  |2 rdamedia 
338 |a volume  |b nc  |2 rdacarrier 
500 |a Cover title. 
600 1 0 |a Knaflewski, Leszek,  |d 1960- 
650 0 |a Drawing, Polish  |y 20th century. 
650 0 |a Drawing, Polish  |y 20th century  |v Catalogs. 
700 1 |a Zamojski, Honza,  |e editor. 
945 |a PromptCat  |b 887739 
946 |a stk 
947 |a A14840377826 
994 |a C0  |b TXA 
948 |a cataloged  |b h  |c 2014/9/16  |d c  |e nbehmer  |f 3:07:08 pm 
999 f f |s a3a2d3cd-e95b-3fb5-aba9-be852b487135  |i 4951702e-68d3-3053-a9c4-d1964fe4dbd8  |t 0 
952 f f |p normal  |a Texas A&M University  |b College Station  |c Sterling C. Evans Library  |d Evans: Library Stacks  |t 0  |e NC312.P63 K592 2013  |h Library of Congress classification  |i unmediated -- volume  |m A14840377826 
998 f f |a NC312.P63 K592 2013  |t 0  |l Evans: Library Stacks